History Quiz

Random History or Year Quiz
Score 0/20 Timer 03:00
0 Plays Today
Event (B)efore or (A)fter? % Correct
The Berlin Wall fell???
91.3%
The first iPhone was released to the public???
89.9%
Czechoslovakia split into the Czech Republic and Slovakia???
88.3%
Pluto was downgraded to a dwarf planet by the International Astronomical Union???
85.5%
Facebook was launched???
84.8%
Nelson Mandela was released from prison???
83.4%
Macarena (Bayside Boys mix) reached #1 on the Billboard Hot 100???
81.6%
Argentina last won the FIFA World Cup???
77.5%
Michael Phelps won his first Olympic gold medal???
75.8%
Scottish scientists cloned Dolly the sheep???
74.2%
Event (B)efore or (A)fter? % Correct
George W. Bush was first sworn in as U.S. President???
72.7%
The Dallas Cowboys last won the Super Bowl???
70.4%
Cardinal Ratzinger was elected Pope, becoming Benedict XVI???
70.3%
Arnold Schwarzenegger first became Governor of California???
67.3%
Camilla Parker Bowles married Charles, Prince of Wales???
63.9%
The last new episode of Seinfeld ran???
63.4%
The Da Vinci Code was published???
61.5%
Kentucky Fried Chicken opened its first location in China???
57%
Montenegro became an independent country???
54%
The last time a team from a city other than Madrid or Barcelona was La Liga champion???
52.7%
Remove Ads.
Support Sporcle.
Get the best of Sporcle when you Go Orange. This ad-free experience offers more features, more stats, and more fun while also helping to support Sporcle. Thank you for becoming a member.

You're not logged in!

Compare scores with friends on all Sporcle quizzes.
OR
Log In

Sporcle TV

Today on Sporcle TV


Watch our educational content, quiz creation guides, and fun videos on Sporcle TV.

Show Comments

Extras

Top Quizzes Today


Score Distribution

Paid Content

Your Account Isn't Verified!

In order to create a playlist on Sporcle, you need to verify the email address you used during registration. Go to your Sporcle Settings to finish the process.

Report this User

Report this user for behavior that violates our Community Guidelines.

Details: